Egy régi színész halála [rövid hír]
Elmentve itt :
| Dokumentumtípus: | Cikk |
|---|---|
| Megjelent: |
1943-05-07
|
| Sorozat: | Délmagyarország
19 No. 102 |
| Kulcsszavak: | Szigeti Andor, Halálozás Kecskemét 1943 |
| Online Access: | http://dmarchiv.bibl.u-szeged.hu/41776 |
| LEADER | 00443nab a2200145 i 4500 | ||
|---|---|---|---|
| 001 | delm41776 | ||
| 005 | 20180927130008.0 | ||
| 008 | 180927s1943 hu o 0|| hun d | ||
| 040 | |a SZTE Délmagyarország Archívum |b hun | ||
| 041 | |a hun | ||
| 245 | 0 | 0 | |a Egy régi színész halála |h [elektronikus dokumentum] : |b [rövid hír] |
| 260 | |c 1943-05-07 | ||
| 300 | |a 6 | ||
| 490 | 0 | |a Délmagyarország |v 19 No. 102 | |
| 695 | |a Szigeti Andor, Halálozás Kecskemét 1943 | ||